Rēṭiyō akarāti. (Record no. 62446)

MARC details
000 -LEADER
fixed length control field 00577cam a22002291 4500
001 - CONTROL NUMBER
control field sa 65002102
003 - CONTROL NUMBER IDENTIFIER
control field DLC
005 - DATE AND TIME OF LATEST TRANSACTION
control field 20260227112114.0
008 - FIXED-LENGTH DATA ELEMENTS--GENERAL INFORMATION
fixed length control field 890621s1964 xx 000 0 tamo
010 ## - LIBRARY OF CONGRESS CONTROL NUMBER
LC control number sa 65002102
035 ## - SYSTEM CONTROL NUMBER
System control number (OCoLC)23548244
040 ## - CATALOGING SOURCE
Original cataloging agency DLC
Transcribing agency MiU
Modifying agency DLC
042 ## - AUTHENTICATION CODE
Authentication code premarc
050 00 - LIBRARY OF CONGRESS CALL NUMBER
Classification number TK6544
Item number .K49
100 2# - MAIN ENTRY--PERSONAL NAME
Personal name Khan Mohamed, M.
245 10 - TITLE STATEMENT
Title Rēṭiyō akarāti.
260 ## - PUBLICATION, DISTRIBUTION, ETC.
Date of publication, distribution, etc. [1964]
300 ## - PHYSICAL DESCRIPTION
Extent 124 p.
Dimensions 22 x 10 cm.
500 ## - GENERAL NOTE
General note Romanized.
650 #0 - SUBJECT ADDED ENTRY--TOPICAL TERM
Topical term or geographic name entry element Radio
General subdivision Dictionaries
-- Tamil.
650 #0 - SUBJECT ADDED ENTRY--TOPICAL TERM
Topical term or geographic name entry element English language
General subdivision Dictionaries
-- Tamil.

No items available.

Powered by Koha